000 01170nam a22002297a 4500
999 _c13880
_d13880
003 AR-CdUCM
008 190416b ||||| |||| 00| 0 spa d
040 _aMUNICIPALIDAD PROVINCIAL DEL CUSCO
_cBIBLIOTECA MUNICIPAL DEL CUSCO
082 _aC / 985.61 /
_bC98
100 _aCovarrubias Pozo, Jesús M.
_932482
245 _aCabildos y ayuntamientos del Cuzco :
_bprimer libro de actas de la fundación española de la ciudad y del Hospital de los Naturales, tomados de la película microfílmica de la Biblioteca Nacional de Lima, enviada por la Biblioteca del Congreso de Wáshington /
260 _aCuzco :
_bH.G. Rozas
_c1960.
300 _a102 páginas ;
_c25 cm.
440 _aBiblioteca del Instituto Americano de Arte ;
_932483
505 _aContenido: Fundación española del Cuzco -- Términos y jurisdicción de la ciudad del Cuzco -- Pregones públicos para tomar vecindad en la ciudad -- Provisión de alcaldes y regidores de la ciudad ...
650 _aDerecho indiano (Municipal)
_931836
650 _aPerú
_935
650 _aCusco.
_9772
710 _aInstituto Americano de Arte (Cusco)
_931997
942 _2ddc
_cLIBROS
945 _aacv
_d2019-04-16